00342nam a2200133Ia 4500008004100000041000800041082001500049100002000064245004500084250001400129260002600143300003000169365000900199240624s9999 xx 000 0 und d aeng a658.81 DAV aDAVIDSON D KIRK aSELLING SIN THE MARKETING OF SOCIALLY UN a(2nd ed.) c2003aLondonbPraeger axi, : 246 : p. : cm. ; 24 cb30